[Event "Montesilvano Adriatico op 22nd"]
[Site "Montesilvano"]
[Date "2021.06.05"]
[Round "2"]
[White "Ismayilov, Ulvi"]
[Black "D'Antonio, Neri"]
[Result "0-1"]
[WhiteElo "1792"]
[BlackElo "2254"]
[PlyCount "100"]
[EventDate "2021.06.04"]
[EventType "swiss"]
[EventRounds "5"]
[EventCountry "ITA"]
[SourceTitle "CBM 202 Extra"]
[Source "ChessBase"]
[SourceDate "2021.07.31"]
[SourceVersion "1"]
[SourceVersionDate "2021.07.31"]
[SourceQuality "1"]

1. e4 e5 2. Nf3 Nc6 3. Bb5 Nf6 4. d3 Bc5 5. c3 0-0 6. 0-0 d5 7. Qe2 dxe4 8. dxe4 Qe7 9. Bg5 h6 10. Bxf6 Qxf6 11. Nbd2 Ne7 12. b4 Bb6 13. Nc4 Ng6 14. Nxb6 axb6 15. Rfd1 Nf4 16. Qe3 Bg4 17. Rd2 Rfd8 18. Ne1 Rxd2 19. Qxd2 Rd8 20. Qe3 Qd6 21. h3 Be6 22. Ba4 Qe7 23. a3 Qg5 24. Rd1 Nxh3+ 25. Kh2 Rxd1 26. Bxd1 Qxe3 27. fxe3 Nf2 28. Bf3 Ng4+ 29. Bxg4 Bxg4 30. Kg3 Be6 31. Nd3 f6 32. Kf3 h5 33. Nc1 Bc4 34. Ne2 Bxe2+ 35. Kxe2 b5 36. Kf2 Kf7 37. Kf3 Kg6 38. Kg3 Kg5 39. Kf3 h4 40. c4 bxc4 41. a4 c6 42. Ke2 Kg4 43. Kd2 Kg3 44. Kc3 Kxg2 45. Kxc4 h3 46. Kc5 h2 47. Kb6 h1Q 48. Kxb7 Qb1 49. b5 cxb5 50. a5 Qxe4+ 0-1

[Event "ITA-ch Online U20 Qual GpA"]
[Site "Premium Chess Arena INT"]
[Date "2020.11.18"]
[Round "1.2"]
[White "Di Benedetto, Edoardo"]
[Black "D'Antonio, Neri"]
[Result "1-0"]
[WhiteElo "2386"]
[BlackElo "2208"]
[PlyCount "67"]
[EventDate "2020.11.18"]
[EventType "tourn (rapid)"]
[EventRounds "7"]
[EventCountry "ITA"]
[EventCategory "1"]
[SourceTitle "CBM 199 Extra"]
[Source "ChessBase"]
[SourceDate "2021.01.31"]
[SourceVersion "1"]
[SourceVersionDate "2021.01.31"]
[SourceQuality "1"]

1. d4 d5 2. c4 dxc4 3. e3 e5 4. Bxc4 exd4 5. exd4 Bd6 6. Nf3 Nf6 7. 0-0 0-0 8. Nc3 Nc6 9. Bg5 h6 10. Bh4 Bg4 11. Bd5 g5 12. Bxc6 bxc6 13. Bg3 Rb8 14. b3 Re8 15. Qd3 Bh5 16. Rfe1 Bxg3 17. hxg3 Qd6 18. Ne5 Rbd8 19. Qc4 Qxd4 20. Qxd4 Rxd4 21. Nxc6 Rxe1+ 22. Rxe1 Rd3 23. Rc1 Rd2 24. Nxa7 Ng4 25. a4 Nxf2 26. a5 Nd3 27. Ra1 Rc2 28. a6 Nb4 29. Nab5 Nc6 30. Nd5 Bg6 31. Nd4 Nxd4 32. a7 Ne2+ 33. Kh2 Be4 34. Nf6+ 1-0

[Event "Porto San Giorgio op"]
[Site "Porto San Giorgio"]
[Date "2019.08.25"]
[Round "2"]
[White "Damia, Angelo"]
[Black "D'Antonio, Neri"]
[Result "1-0"]
[WhiteElo "2244"]
[BlackElo "2086"]
[PlyCount "91"]
[EventDate "2019.08.24"]
[EventType "swiss"]
[EventRounds "9"]
[EventCountry "ITA"]
[SourceTitle "EXT 2020"]
[Source "ChessBase"]
[SourceDate "2019.10.17"]
[SourceVersion "1"]
[SourceVersionDate "2019.10.17"]
[SourceQuality "1"]

1. c4 c6 2. e4 d5 3. exd5 cxd5 4. cxd5 Nf6 5. Bb5+ Bd7 6. Bc4 g6 7. Nc3 Bg7 8. Qb3 b6 9. d4 0-0 10. Nf3 a5 11. 0-0 a4 12. Qb4 b5 13. Bxb5 Bxb5 14. Qxb5 Ra5 15. Qc4 Qc8 16. Qb4 Qa6 17. Bf4 Nbd7 18. Bc7 Rxd5 19. Nxd5 Nxd5 20. Qa5 Qb7 21. Bg3 Ra8 22. Qd2 e6 23. Rac1 h6 24. Ne5 N7f6 25. Qc2 Nb4 26. Qc7 Qxc7 27. Rxc7 Nfd5 28. Rb7 Bxe5 29. Bxe5 Nxa2 30. Ra1 Rc8 31. Rb8 Rxb8 32. Bxb8 Nab4 33. Rxa4 Nd3 34. b3 Nc1 35. b4 Ne2+ 36. Kf1 Nec3 37. Ra8 Nb6 38. Ra6 Nbd5 39. Bd6 g5 40. Ra8+ Kh7 41. Rb8 Ne4 42. Bc5 e5 43. dxe5 Nd2+ 44. Ke1 Nc4 45. b5 Nxe5 46. Bd4 1-0

[Event "ITA-ch blitz"]
[Site "Chianciano Terme"]
[Date "2018.04.01"]
[Round "2"]
[White "Godena, Michele"]
[Black "D'Antonio, Neri"]
[Result "1-0"]
[WhiteElo "2505"]
[BlackElo "2010"]
[PlyCount "55"]
[EventDate "2018.04.01"]
[EventType "swiss (blitz)"]
[EventRounds "11"]
[EventCountry "ITA"]
[SourceTitle "CBM 183 Extra"]
[Source "ChessBase"]
[SourceDate "2018.04.19"]
[SourceVersion "1"]
[SourceVersionDate "2018.04.19"]
[SourceQuality "1"]

1. e4 e6 2. d4 d5 3. Nd2 dxe4 4. Nxe4 Bd7 5. Nf3 Bc6 6. Bd3 Be7 7. 0-0 Nf6 8. Ned2 Bxf3 9. Nxf3 0-0 10. Re1 c6 11. c3 Nbd7 12. Bc2 Re8 13. Qd3 h6 14. Bf4 Rc8 15. Rad1 Bf8 16. Qe2 Qa5 17. a3 c5 18. dxc5 Qxc5 19. Be3 Qc7 20. h3 Bc5 21. Bc1 a6 22. Nd4 Nb6 23. Nb3 Be7 24. Qf3 Qc6 25. Qxc6 Rxc6 26. Na5 Rc7 27. Bf4 Rd7 28. Rxd7 1-0